01037nam a2200265 a 4500001001200000003000800012006001900020007001500039008004100054020001800095020002700113040002100140035002100161050002400182100002100206245008800227260004800315300002200363533015200385650004700537655002900584710001700613856012600630999001500756ebr10698309CaPaEBRm o u cr cn|||||||||130523s2010 stkad sd 000 0 eng d z9781904445869 z9781849950244 (e-book) aCaPaEBRcCaPaEBR a(OCoLC)84386079014aTH9215b.J66 2010eb1 aJones, Clifford.10aDictionary of fire protection engineeringh[electronic resource] /cClifford Jones. aDunbeath, Scotland :bWhittles Pub.,c2010. av, 297 p. :bill. aElectronic reproduction.bPalo Alto, Calif. :cebrary,d2013.nAvailable via World Wide Web.nAccess may be limited to ebrary affiliated libraries. 0aFire protection engineeringvDictionaries. 7aElectronic books.2local2 aebrary, Inc.40uhttp://site.ebrary.com/lib/rucke/Doc?id=10698309zAn electronic book accessible through the World Wide Web; click to view c7613d7613